| Tag |
First Indicator |
Second Indicator |
Subfields |
| LEADER |
00000pam a22000004a 4500 |
| 001 |
in00002082575 |
| 005 |
20151102141540.0 |
| 008 |
040903s2005 nyua b 001 0 eng |
| 010 |
|
|
|a 2004056786
|
| 015 |
|
|
|a GBA484402
|2 bnb
|
| 016 |
7 |
|
|a 013046456
|2 Uk
|
| 019 |
|
|
|a 57063894
|
| 020 |
|
|
|a 1403946280 (cloth)
|
| 035 |
|
|
|a (OCoLC)ocm56535102
|
| 040 |
|
|
|a DLC
|c DLC
|d YDX
|d UKM
|d BAKER
|d UtOrBLW
|
| 042 |
|
|
|a pcc
|
| 049 |
|
|
|a TXAM
|
| 050 |
0 |
0 |
|a RC87.9
|b .T45 2005
|
| 082 |
0 |
0 |
|a 616.07/8
|2 22
|
| 100 |
1 |
|
|a Tercier, John Anthony,
|d 1953-
|
| 245 |
1 |
4 |
|a The contemporary deathbed :
|b the ultimate rush /
|c John Anthony Tercier.
|
| 264 |
|
1 |
|a New York :
|b Palgrave Macmillan,
|c 2005.
|
| 300 |
|
|
|a xiii, 297 pages :
|b illustrations ;
|c 22 cm.
|
| 336 |
|
|
|a text
|b txt
|2 rdacontent
|
| 337 |
|
|
|a unmediated
|b n
|2 rdamedia
|
| 338 |
|
|
|a volume
|b nc
|2 rdacarrier
|
| 490 |
1 |
|
|a Language, discourse, society
|
| 504 |
|
|
|a Includes bibliographical references (pages 245-280) and index.
|
| 650 |
|
0 |
|a CPR (First aid)
|x Social aspects.
|
| 650 |
|
0 |
|a Death.
|
| 830 |
|
0 |
|a Language, discourse, society.
|
| 945 |
|
|
|i PromptCat
|
| 947 |
|
|
|a A14833198075
|
| 948 |
|
|
|a cataloged
|b h
|c 2005/10/24
|d c
|e achopde
|f 9:30:59 am
|
| 994 |
|
|
|a 92
|b TXA
|
| 999 |
|
|
|a MARS
|
| 999 |
f |
f |
|s 18eb9794-f251-3e34-a159-664112f9e184
|i d27dbb72-0c02-31dd-a7f9-73dd14b57fe9
|t 0
|
| 952 |
f |
f |
|p ric
|a Texas A&M University
|b Rellis Campus
|c Joint Library Facility
|d Remote Storage
|t 0
|e RC87.9 .T45 2005
|h Library of Congress classification
|i unmediated -- volume
|m A14833198075
|
| 998 |
f |
f |
|a RC87.9 .T45 2005
|t 0
|l Remote Storage
|